Gaming Quiz

Random Gaming Quiz
Score 0/89 Timer 10:00
0 Plays Today
Team Position % Correct
AmazonThrower
100%
AmazonCatcher
100%
AmazonBlitzer
100%
Dark ElfBlitzer
100%
DwarfBlitzer
100%
ElfThrower
100%
ElfCatcher
100%
ElfBlitzer
100%
High ElfThrower
100%
High ElfCatcher
100%
High ElfBlitzer
100%
HumanThrower
100%
HumanCatcher
100%
HumanBlitzer
100%
HumanOgre
100%
NorseThrower
100%
NorseCatcher
100%
NorseBlitzer
100%
OgreOgre
100%
OrcThrower
100%
OrcBlitzer
100%
SkavenThrower
100%
SkavenBlitzer
100%
Wood ElfCatcher
100%
Wood ElfThrower
100%
Dark ElfLineman
98.6%
ElfLineman
98.6%
High ElfLineman
98.6%
HumanLineman
98.6%
NorseLineman
98.6%
Team Position % Correct
OrcLineman
98.6%
SkavenLineman
98.6%
Wood ElfLineman
98.6%
VampireVampire
97.3%
HalflingHalfling
95.9%
KhemriSkeleton
95.9%
UndeadSkeleton
95.9%
Dark ElfRunner
94.6%
DwarfRunner
94.6%
GoblinGoblin
94.6%
OrcGoblin
94.6%
Dark ElfWitch Elf
93.2%
GoblinTroll
93.2%
HalflingTreeman
93.2%
OrcTroll
93.2%
Wood ElfTreeman
93.2%
ChaosMinotaur
91.9%
Chaos DwarfMinotaur
91.9%
DwarfBlocker
91.9%
LizardmanSaurus
90.5%
NecromanticZombie
90.5%
NecromanticGhoul
90.5%
UndeadZombie
90.5%
UndeadGhoul
90.5%
AmazonLinewoman
89.2%
Dark ElfAssassin
89.2%
ChaosBeastman
87.8%
VampireThrall
87.8%
ChaosChaos Warrior
86.5%
LizardmanSkink
86.5%
Team Position % Correct
NecromanticWight
86.5%
OgreSnotling
86.5%
SkavenGutter Runner
86.5%
UndeadWight
86.5%
LizardmanKroxigor
85.1%
SkavenRat Ogre
85.1%
Wood ElfWardancer
83.8%
NecromanticFlesh Golem
82.4%
UndeadMummy
82.4%
Chaos DwarfHobgoblin
81.1%
Chaos DwarfBull Centaur
81.1%
DwarfDeathroller
81.1%
GoblinFanatic
79.7%
KhemriBlitz-Ra
79.7%
NurgleBeast of Nurgle
78.4%
DwarfTroll Slayer
77%
NurgleRotter
77%
KhemriTomb Guardian
74.3%
OrcBlack Orc Blocker
74.3%
Chaos DwarfChaos Dwarf Blocker
73%
GoblinPogoer
73%
KhemriThro-Ra
70.3%
NurglePestigor
70.3%
NurgleNurgle Warrior
70.3%
GoblinLooney
62.2%
GoblinBombardier
55.4%
NorseNorse Werewolf
52.7%
NorseYhetee
52.7%
NecromanticNecromantic Werewolf
50%
Remove Ads.
Support Sporcle.
Get the best of Sporcle when you Go Orange. This ad-free experience offers more features, more stats, and more fun while also helping to support Sporcle. Thank you for becoming a member.

You're not logged in!

Compare scores with friends on all Sporcle quizzes.
OR
Log In

Show Comments

Extras

Created Oct 16, 2010SourceReportNominate
Tags:Blood Bowl

Top Quizzes Today


Score Distribution

Your Account Isn't Verified!

In order to create a playlist on Sporcle, you need to verify the email address you used during registration. Go to your Sporcle Settings to finish the process.

Report this User

Report this user for behavior that violates our Community Guidelines.

Details: